000 00627nmm a2200193Ia 4500
008 251105s9999||||xx |||||||||||||||||und||
020 _a9788496813687
041 _aspa
100 _aMartínez Millán, José
245 0 _aLa corte en Europa. Política y religión. Siglos XVI-XVIII. Vol. III
264 _a[Madrid, España] :
_bEdiciones Polifemo,
_c2012
300 _a592 páginas
490 _aLa Corte en Europa. Temas
650 _aHistory of Europe: Spain
700 _aMartínez Millán, José
700 1 _a Rivero Rodríguez, Manuel
856 _uhttps://public.digitaliapublishing.com/a/18904
942 _cCF
999 _c68500
_d68500